[Event "EU Corporate-ch"]
[Site "Rotterdam"]
[Date "2022.06.19"]
[Round "6"]
[White "Schouten, Jordy"]
[Black "Lambrechts, Koen"]
[Result "0-1"]
[WhiteElo "2121"]
[BlackElo "2349"]
[PlyCount "78"]
[EventDate "2022.06.18"]
[EventType "team-tourn (rapid)"]
[EventRounds "9"]
[EventCountry "NED"]
[SourceTitle "EXT 2023"]
[Source "ChessBase"]
[SourceDate "2022.10.05"]
[SourceVersion "1"]
[SourceVersionDate "2022.10.05"]
[SourceQuality "1"]

1. e4 c6 2. d4 d5 3. f3 e6 4. Be3 Nf6 5. Nd2 Qb6 6. Bd3 Qxb2 7. Ne2 Qb6 8. 0-0 Be7 9. e5 Nfd7 10. f4 c5 11. Rb1 Qc7 12. c4 Nb6 13. Qb3 0-0 14. Rfc1 dxc4 15. Nxc4 Nd5 16. Bf2 Nd7 17. Nd2 b6 18. Ne4 Rd8 19. Rb2 a5 20. Bb1 Ba6 21. f5 exf5 22. N4g3 Bb7 23. Nxf5 Bf8 24. Qh3 g6 25. Nh6+ Bxh6 26. Qxh6 Qc6 27. Bh4 Re8 28. Ng3 Qa4 29. Rd2 Qa3 30. Rf1 Qe3+ 31. Qxe3 Nxe3 32. Rff2 cxd4 33. Rxd4 Nxe5 34. Be4 Bxe4 35. Nxe4 N5g4 36. Re2 Nf5 37. Rd7 Rac8 38. Bg5 Re6 39. h3 Ne5 0-1

[Event "EU Corporate-ch"]
[Site "Rotterdam"]
[Date "2022.06.18"]
[Round "4"]
[White "Celinski, Kamil"]
[Black "Schouten, Jordy"]
[Result "0-1"]
[WhiteElo "1907"]
[BlackElo "2121"]
[PlyCount "122"]
[EventDate "2022.06.18"]
[EventType "team-tourn (rapid)"]
[EventRounds "9"]
[EventCountry "NED"]
[SourceTitle "EXT 2023"]
[Source "ChessBase"]
[SourceDate "2022.10.05"]
[SourceVersion "1"]
[SourceVersionDate "2022.10.05"]
[SourceQuality "1"]

1. Nf3 Nf6 2. c4 g6 3. Nc3 Bg7 4. d4 d5 5. Qa4+ Bd7 6. Qb3 dxc4 7. Qxc4 0-0 8. e4 b5 9. Qb3 c5 10. dxc5 b4 11. Qxb4 Nc6 12. Qb3 Be6 13. Qa4 Qc7 14. Bb5 Ne5 15. Nd4 Bd7 16. Bxd7 Nfxd7 17. Nd5 Qxc5 18. 0-0 Nb6 19. Qb4 Qxb4 20. Nxb4 Rfd8 21. Ndc6 Nxc6 22. Nxc6 Rd7 23. Be3 Nc4 24. Bg5 f6 25. Bf4 e5 26. Bc1 Bf8 27. b3 Rc8 28. Nxa7 Rxa7 29. bxc4 Rxc4 30. Be3 Ra3 31. Rfc1 Rxc1+ 32. Bxc1 Ra4 33. Be3 Ba3 34. h3 Rxe4 35. Rb1 Ra4 36. Rb8+ Kf7 37. Rb7+ Ke6 38. Rxh7 Bd6 39. g3 Rxa2 40. Rg7 g5 41. h4 gxh4 42. gxh4 f5 43. Bb6 Kf6 44. Rd7 Bb4 45. Rb7 Bd2 46. Kg2 e4 47. Bd4+ Kg6 48. Rg7+ Kh6 49. Kf1 f4 50. Rd7 f3 51. Be3+ Bxe3 52. fxe3 Re2 53. Rd5 Rxe3 54. Kf2 Re2+ 55. Kg3 Rg2+ 56. Kh3 Rg1 57. Rf5 e3 58. Rxf3 e2 59. h5 e1Q 60. Rf2 Qe3+ 61. Kh4 Qg3# 0-1

[Event "EU Corporate-ch"]
[Site "Rotterdam"]
[Date "2022.06.18"]
[Round "2"]
[White "Flynn, Jacob"]
[Black "Schouten, Jordy"]
[Result "0-1"]
[WhiteElo "2205"]
[BlackElo "2121"]
[PlyCount "71"]
[EventDate "2022.06.18"]
[EventType "team-tourn (rapid)"]
[EventRounds "9"]
[EventCountry "NED"]
[SourceTitle "EXT 2023"]
[Source "ChessBase"]
[SourceDate "2022.10.05"]
[SourceVersion "1"]
[SourceVersionDate "2022.10.05"]
[SourceQuality "1"]

1. d4 Nf6 2. c4 g6 3. Nc3 d5 4. Bg5 Bg7 5. Bxf6 Bxf6 6. cxd5 0-0 7. e4 c6 8. Nf3 Bg7 9. Bc4 Bg4 10. e5 b5 11. Be2 b4 12. Na4 cxd5 13. 0-0 Nd7 14. Ne1 Bxe2 15. Qxe2 Rc8 16. Nd3 Qa5 17. Nac5 Nxc5 18. Nxc5 Rc6 19. b3 e6 20. Kh1 Rfc8 21. Qd2 Bxe5 22. Nxe6 Rxe6 23. dxe5 Rxe5 24. a3 Rc3 25. f4 Ree3 26. axb4 Qb5 27. f5 Rxb3 28. fxg6 hxg6 29. Qf2 Re7 30. Qf6 Rbe3 31. Qd4 R3e4 32. Qd2 Rxb4 33. Rfd1 Rbe4 34. h3 d4 35. Rab1 Qd5 36. Qh6 0-1

[Event "Geraardsbergen op 36th"]
[Site "Geraardsbergen"]
[Date "2021.08.12"]
[Round "9"]
[White "Schouten, Jordy"]
[Black "Balje, Jan"]
[Result "1-0"]
[WhiteElo "2126"]
[BlackElo "2193"]
[PlyCount "45"]
[EventDate "2021.08.08"]
[EventType "swiss"]
[EventRounds "9"]
[EventCountry "BEL"]
[SourceTitle "CBM 203 Extra"]
[Source "ChessBase"]
[SourceDate "2021.09.30"]
[SourceVersion "1"]
[SourceVersionDate "2021.09.30"]
[SourceQuality "1"]

1. e4 c6 2. d4 d5 3. f3 Qb6 4. Nc3 dxe4 5. fxe4 e5 6. dxe5 Bc5 7. Bc4 Bxg1 8. Qf3 Be6 9. Bxe6 fxe6 10. Ne2 Nd7 11. Rxg1 0-0-0 12. Qc3 Qc5 13. Be3 Qxc3+ 14. Nxc3 Ne7 15. Rf1 Rhf8 16. 0-0-0 Ng6 17. Ne2 Rxf1 18. Rxf1 Ngxe5 19. b3 b6 20. Bd4 c5 21. Bb2 Kc7 22. Nf4 Kd6 23. Rd1+ 1-0

[Event "NED-chT 1819"]
[Site "Netherlands"]
[Date "2018.11.03"]
[Round "3.7"]
[White "Schouten, Jordy"]
[Black "Dardha, Daniel"]
[Result "0-1"]
[WhiteElo "2079"]
[BlackElo "2299"]
[PlyCount "82"]
[EventDate "2018.09.15"]
[EventType "team-tourn"]
[EventRounds "9"]
[EventCountry "NED"]
[SourceTitle "CBM 187 Extra"]
[Source "ChessBase"]
[SourceDate "2018.11.04"]
[SourceVersion "1"]
[SourceVersionDate "2018.11.04"]
[SourceQuality "1"]
[WhiteTeam "De Stukkenjagers"]
[BlackTeam "Charlois Europoort"]
[WhiteTeamCountry "NED"]
[BlackTeamCountry "NED"]

1. e4 c5 2. c3 Nf6 3. e5 Nd5 4. d4 cxd4 5. Nf3 Nc6 6. cxd4 d6 7. Bc4 dxe5 8. Nxe5 e6 9. 0-0 Be7 10. Qh5 0-0 11. Rd1 Bf6 12. Rd3 g6 13. Qe2 Ndb4 14. Nxc6 Nxc6 15. Be3 Na5 16. Bb5 a6 17. Ba4 b5 18. Bc2 Bb7 19. Nd2 Rc8 20. Nb3 Nxb3 21. Bxb3 Bd5 22. Qd2 Qd7 23. Bxd5 Qxd5 24. a4 Rfd8 25. axb5 axb5 26. Raa3 Rc4 27. Rac3 Rxc3 28. bxc3 Ra8 29. h3 Qc4 30. Bf4 Ra1+ 31. Kh2 Ra2 32. Qe3 Rxf2 33. Rd1 Rc2 34. Ra1 Qc6 35. Qg3 Bh4 36. Qg4 h5 37. Ra6 Qxa6 38. Qxh4 Qc6 39. Qg5 Qd5 40. Be5 Kh7 41. Kg1 f6 0-1

[Event "Vlissingen HZ op 22nd"]
[Site "Vlissingen"]
[Date "2018.08.10"]
[Round "8"]
[White "Schouten, Jordy"]
[Black "Van Gemert, Rogier"]
[Result "1-0"]
[WhiteElo "2073"]
[BlackElo "1901"]
[PlyCount "41"]
[EventDate "2018.08.04"]
[EventType "swiss"]
[EventRounds "9"]
[EventCountry "NED"]
[SourceTitle "CBM 185 Extra"]
[Source "ChessBase"]
[SourceDate "2018.07.29"]
[SourceVersion "1"]
[SourceVersionDate "2018.07.29"]
[SourceQuality "1"]

1. e4 g6 2. d4 Bg7 3. Nc3 c6 4. Bc4 e6 5. e5 b5 6. Bb3 f5 7. Nf3 a5 8. a4 b4 9. Ne2 Na6 10. h4 Nc7 11. h5 Ba6 12. hxg6 hxg6 13. Rxh8 Bxh8 14. Bg5 Bxe2 15. Qxe2 Qc8 16. 0-0-0 Nd5 17. Rh1 Bg7 18. Rh7 Kf7 19. Bxd5 cxd5 20. Bf6 Nxf6 21. exf6 1-0

[Event "Vlissingen HZ op 21st"]
[Site "Vlissingen"]
[Date "2017.08.12"]
[Round "9"]
[White "Schouten, Jordy"]
[Black "Nguyen, Kevin"]
[Result "1/2-1/2"]
[WhiteElo "2094"]
[BlackElo "2224"]
[PlyCount "87"]
[EventDate "2017.08.05"]
[EventType "swiss"]
[EventRounds "9"]
[EventCountry "NED"]
[SourceTitle "CBM 179 Extra"]
[Source "ChessBase"]
[SourceDate "2017.08.23"]
[SourceVersion "1"]
[SourceVersionDate "2017.08.23"]
[SourceQuality "1"]

1. d4 g6 2. e4 Bg7 3. Nc3 d6 4. Be3 a6 5. a4 Nd7 6. Bc4 Ngf6 7. f3 Rb8 8. Nge2 0-0 9. Qd2 c6 10. a5 c5 11. dxc5 Qc7 12. 0-0 Nxc5 13. Bd3 Bd7 14. b4 Nxd3 15. Bb6 Qc8 16. cxd3 Bc6 17. Rac1 Qd7 18. d4 d5 19. Qe3 Rfc8 20. Bc5 Qe8 21. exd5 Nxd5 22. Nxd5 Bxd5 23. Qxe7 Qxe7 24. Bxe7 Bc4 25. Rfe1 Bxe2 26. Rxc8+ Rxc8 27. Rxe2 Bxd4+ 28. Kf1 Rc4 29. Bd6 Kg7 30. Re4 Rc1+ 31. Ke2 Bf6 32. Re8 g5 33. g4 Rc6 34. Bf8+ Kg6 35. Bc5 h5 36. Kd3 hxg4 37. fxg4 Rc7 38. Ke4 Rd7 39. Rg8+ Kh7 40. Rb8 Kg6 41. Rg8+ Kh7 42. Ra8 Kg6 43. Rg8+ Kh7 44. Ra8 1/2-1/2

[Event "Vlissingen HZ op 20th"]
[Site "Vlissingen"]
[Date "2016.08.09"]
[Round "5"]
[White "Schouten, Jordy"]
[Black "Maris, Ivo"]
[Result "0-1"]
[WhiteElo "2037"]
[BlackElo "2370"]
[PlyCount "46"]
[EventDate "2016.08.06"]
[EventType "swiss"]
[EventRounds "9"]
[EventCountry "NED"]
[SourceTitle "CBM 173 Extra"]
[Source "ChessBase"]
[SourceDate "2016.08.29"]
[SourceVersion "1"]
[SourceVersionDate "2016.08.29"]
[SourceQuality "1"]

1. d4 d6 2. e4 Nf6 3. Nc3 e5 4. dxe5 dxe5 5. Qxd8+ Kxd8 6. Bc4 Bb4 7. Bd2 Ke7 8. Nge2 c6 9. f4 Nbd7 10. Nd5+ Nxd5 11. exd5 Bxd2+ 12. Kxd2 Rd8 13. dxc6 Nb6+ 14. Kc3 Nxc4 15. Kxc4 Be6+ 16. Kb4 Rd2 17. Rhe1 Rxc2 18. b3 bxc6 19. fxe5 Rd8 20. Ka3 Rdd2 21. Nf4 Bd7 22. Red1 g5 23. Nh5 Rxd1 0-1

[Event "Utrecht OKU op 43rd"]
[Site "Utrecht"]
[Date "2016.06.05"]
[Round "6"]
[White "Ootes, Lars"]
[Black "Schouten, Jordy"]
[Result "0-1"]
[WhiteElo "2422"]
[BlackElo "2037"]
[PlyCount "60"]
[EventDate "2016.06.03"]
[EventType "swiss"]
[EventRounds "6"]
[EventCountry "NED"]
[SourceTitle "CBM 172 Extra"]
[Source "ChessBase"]
[SourceDate "2016.06.21"]
[SourceVersion "1"]
[SourceVersionDate "2016.06.21"]
[SourceQuality "1"]

1. e4 c5 2. Nf3 Nc6 3. d4 cxd4 4. Nxd4 e5 5. Nb5 a6 6. Nd6+ Bxd6 7. Qxd6 Qe7 8. Qd1 Nf6 9. Nc3 h6 10. g4 d5 11. g5 Nxe4 12. Nxd5 Qd8 13. gxh6 gxh6 14. Bg2 Bf5 15. c3 Rg8 16. Bf3 Qh4 17. Be3 0-0-0 18. Qb3 Qh3 19. Be2 Bg4 20. Bxa6 bxa6 21. Qb6 Kd7 22. Qc7+ Ke6 23. Qxc6+ Nd6 24. Rg1 Rc8 25. Nc7+ Rxc7 26. Qxc7 Qf3 27. Rxg4 Rxg4 28. Kd2 Nc4+ 29. Kc2 Qe2+ 30. Kb3 Qxb2+ 0-1

[Event "Utrecht OKU op 42nd"]
[Site "Utrecht"]
[Date "2015.06.07"]
[Round "6"]
[White "Schouten, Jordy"]
[Black "Ootes, Lars"]
[Result "0-1"]
[WhiteElo "2014"]
[BlackElo "2396"]
[PlyCount "50"]
[EventDate "2015.06.05"]
[EventType "swiss"]
[EventRounds "6"]
[EventCountry "NED"]
[SourceTitle "CBM 166 Extra"]
[Source "ChessBase"]
[SourceDate "2015.06.18"]
[SourceVersion "1"]
[SourceVersionDate "2015.06.18"]
[SourceQuality "1"]

1. e4 d6 2. d4 Nf6 3. Nc3 g6 4. f3 c6 5. Be3 b5 6. Qd2 Nbd7 7. d5 cxd5 8. Bxb5 dxe4 9. Bc6 Rb8 10. Bxa7 Rxb2 11. Na4 Qc7 12. Nxb2 Qxa7 13. a4 Bg7 14. 0-0-0 0-0 15. Ne2 exf3 16. gxf3 Bb7 17. Nd4 Rc8 18. Nb5 Qb6 19. Bxb7 Qxb7 20. Rhe1 Nc5 21. Qe2 Nd5 22. c4 Nxa4 23. Nxa4 Qxb5 24. Nb2 Bxb2+ 25. Qxb2 Rxc4+ 0-1

[Event "Vlissingen HZ op 17th"]
[Site "Vlissingen"]
[Date "2013.08.10"]
[Round "9"]
[White "Beukema, Stefan"]
[Black "Schouten, Jordy"]
[Result "1-0"]
[WhiteElo "2321"]
[BlackElo "1887"]
[PlyCount "45"]
[EventDate "2013.08.03"]
[EventType "swiss"]
[EventRounds "9"]
[EventCountry "NED"]
[SourceTitle "CBM 155 Extra"]
[Source "ChessBase"]
[SourceDate "2013.08.26"]
[SourceVersion "1"]
[SourceVersionDate "2013.08.26"]
[SourceQuality "1"]

1. e4 c5 2. Nf3 Nc6 3. d4 cxd4 4. Nxd4 e5 5. Nb5 a6 6. Nd6+ Bxd6 7. Qxd6 Qe7 8. Qd1 Nf6 9. Nc3 d6 10. Be2 0-0 11. Be3 Be6 12. 0-0 Rac8 13. Qd2 b5 14. Rfd1 Qb7 15. Bg5 Qe7 16. Nd5 Bxd5 17. exd5 Nd4 18. Bd3 h6 19. Bh4 b4 20. Bxf6 Qxf6 21. Qxb4 Nxc2 22. Qe4 Qg6 23. Qa4 1-0

[Event "Vlissingen HZ op 17th"]
[Site "Vlissingen"]
[Date "2013.08.04"]
[Round "3"]
[White "Fehr, Axel"]
[Black "Schouten, Jordy"]
[Result "1/2-1/2"]
[WhiteElo "2131"]
[BlackElo "1887"]
[PlyCount "116"]
[EventDate "2013.08.03"]
[EventType "swiss"]
[EventRounds "9"]
[EventCountry "NED"]
[SourceTitle "CBM 155 Extra"]
[Source "ChessBase"]
[SourceDate "2013.08.26"]
[SourceVersion "1"]
[SourceVersionDate "2013.08.26"]
[SourceQuality "1"]

1. c4 e5 2. g3 Bc5 3. Nc3 c6 4. Nf3 d6 5. Bg2 f5 6. d4 exd4 7. Nxd4 Nf6 8. 0-0 0-0 9. Qd3 Nbd7 10. Ne6 Ne5 11. Nxd8 Nxd3 12. exd3 Rxd8 13. Ne2 Re8 14. Bf3 Be6 15. b3 Nd7 16. d4 Bb6 17. Bf4 d5 18. c5 Ba5 19. a3 Bf7 20. b4 Bd8 21. h4 Bf6 22. Rab1 Nf8 23. Rfd1 Ne6 24. b5 Nxf4 25. Nxf4 Rab8 26. a4 h6 27. h5 a6 28. Kg2 axb5 29. axb5 Ra8 30. bxc6 bxc6 31. Rb6 Rec8 32. g4 Ra4 33. Ne2 f4 34. Rdb1 Bxd4 35. Rb8 Rxb8 36. Rxb8+ Kh7 37. Rf8 Bxc5 38. Rxf7 Bd6 39. Rd7 Bb8 40. Nc3 Rc4 41. Ne2 Be5 42. Rd8 g5 43. hxg6+ Kxg6 44. Ng1 Rc3 45. Nh3 d4 46. Re8 Kf6 47. Nxf4 Bxf4 48. Rf8+ Ke6 49. Rxf4 d3 50. Re4+ Kd6 51. Re1 c5 52. Rh1 Ke5 53. Rxh6 c4 54. Rh5+ Ke6 55. Rh8 Ke5 56. Rh5+ Ke6 57. Rh8 Ke5 58. Rh5+ Ke6 1/2-1/2